Foodservice buyers guide 2010.
| Corporate Author: | |
|---|---|
| Format: | Book |
| Published: |
Toronto, Ontario:
MediaEdge Communications,
2010.
|
| Subjects: |
| LEADER | 00471cam a2200145 7i4500 | ||
|---|---|---|---|
| 001 | 0000027139 | ||
| 005 | 20150112090000.0 | ||
| 090 | 0 | 0 | |a I 381.1025 |b CAN |
| 110 | 2 | 0 | |a Canadian Restaurant and Foodservices Association |
| 245 | 2 | 0 | |a Foodservice buyers guide 2010. |
| 260 | 0 | 0 | |a Toronto, Ontario: |b MediaEdge Communications, |c 2010. |
| 300 | # | # | |a [v.p]. |
| 650 | 0 | 0 | |a Food service -- |x Directories -- |z Canada |
| 651 | 0 | 0 | |a Canada |
| 999 | |a 0000029483 |b Book |c Services |e Business Information Centre | ||